=LDR 00000nam 2200000 4500 =001 000688 =005 20250711024026 =035 ##$$a 0010-0725000556 =007 ta =008 250711################a##########0#ind## =020 ##$$a 978-623-194-323-1 =082 ##$$a 398.209 598 =084 ##$$a 398.209 598 BAR p =100 #$$a Barbara eni =245 1#$$a Panggil aku namaku /$c Barbara eni =250 ##$$a Cetakan pertama =260 ##$$a Rawamangun :$b Badan pengembangan dan pembinaan bahasa,$c 2022 =300 ##$$a 36 hlm. : $b Ilus. ; $c 29,7cm =650 #4$$a Cerita anak-indonesia =990 ##$$a TBM04620462